[Event "CRO-chT2W"]
[Site "Croatia"]
[Date "2016.04.09"]
[Round "4.1"]
[White "Pejic, Igor"]
[Black "Licardo, Renato"]
[Result "1/2-1/2"]
[WhiteElo "2141"]
[BlackElo "2190"]
[PlyCount "112"]
[EventDate "2016.03.05"]
[EventType "team-tourn"]
[EventRounds "9"]
[EventCountry "CRO"]
[SourceTitle "CBM 171 Extra"]
[Source "ChessBase"]
[SourceDate "2016.04.26"]
[SourceVersion "1"]
[SourceVersionDate "2016.04.26"]
[SourceQuality "1"]
[WhiteTeam "Kraljevica"]
[BlackTeam "Porec Gortan"]
[WhiteTeamCountry "CRO"]
[BlackTeamCountry "CRO"]

1. d4 Nf6 2. Nf3 g6 3. Bf4 Bg7 4. e3 0-0 5. Be2 c5 6. c3 d6 7. h3 Nbd7 8. 0-0 a6 9. a4 b6 10. Nbd2 Bb7 11. Qb3 Rc8 12. Rfc1 Re8 13. Ng5 Nd5 14. Bg3 e5 15. Nge4 Qc7 16. Bc4 N7f6 17. dxe5 dxe5 18. Rd1 Rcd8 19. Nxf6+ Nxf6 20. Nf3 Ne4 21. Bh4 Bf6 22. Bxf6 Nxf6 23. Ng5 Rxd1+ 24. Rxd1 Re7 25. Nxf7 Rxf7 26. Bxf7+ Qxf7 27. Rd8+ Kg7 28. Qxf7+ Kxf7 29. Rb8 Bc6 30. Rxb6 Bxa4 31. Rxa6 Bb3 32. Rb6 c4 33. Kf1 Nd7 34. Rb7 Ke6 35. Ke2 Ba4 36. Rb4 Bc6 37. f3 Kd6 38. b3 cxb3 39. Rxb3 g5 40. Rb4 e4 41. fxe4 Nc5 42. h4 Nxe4 43. hxg5 Nxc3+ 44. Kd3 Nd5 45. Rh4 Be8 46. e4 Bg6 47. Kd4 Ne7 48. Rf4 Nc6+ 49. Ke3 Ke5 50. g4 Nd8 51. Rf5+ Kd6 52. Rd5+ Ke7 53. Ra5 Ne6 54. Rb5 Nc7 55. Rb6 Ne6 56. Rb5 Kd6 1/2-1/2

[Event "CRO-chT2W"]
[Site "Croatia"]
[Date "2016.03.06"]
[Round "3.1"]
[White "Savic, Miroslav"]
[Black "Pejic, Igor"]
[Result "0-1"]
[WhiteElo "2215"]
[BlackElo "2141"]
[PlyCount "78"]
[EventDate "2016.03.05"]
[EventType "team-tourn"]
[EventRounds "9"]
[EventCountry "CRO"]
[SourceTitle "CBM 171 Extra"]
[Source "ChessBase"]
[SourceDate "2016.04.26"]
[SourceVersion "1"]
[SourceVersionDate "2016.04.26"]
[SourceQuality "1"]
[WhiteTeam "Karlobag"]
[BlackTeam "Kraljevica"]
[WhiteTeamCountry "CRO"]
[BlackTeamCountry "CRO"]

1. d4 d5 2. c4 c6 3. Nf3 e6 4. g3 Nf6 5. Bg2 Nbd7 6. 0-0 dxc4 7. Qc2 b5 8. a4 Bb7 9. Rd1 Bd6 10. e4 Be7 11. Nc3 a6 12. Bf4 0-0 13. Ne5 Qc8 14. Bg5 Rd8 15. f4 Qc7 16. Kh1 h6 17. Bh4 Qb6 18. Ne2 Re8 19. Nxd7 Nxd7 20. Bxe7 Rxe7 21. Nc3 Nf6 22. e5 Nd5 23. Qe2 Nxc3 24. bxc3 Rd8 25. Rab1 Qa5 26. axb5 cxb5 27. Bxb7 Rxb7 28. Qf3 Qc7 29. Rb2 Rb6 30. Kg1 a5 31. Qe2 Qc6 32. Rdb1 b4 33. cxb4 axb4 34. Rxb4 Rxb4 35. Rxb4 Rxd4 36. Qc2 g6 37. Rb1 Qd5 38. Re1 Rd2 39. Qe4 c3 0-1

[Event "CRO-chT U20 24th"]
[Site "Sv Filip i Jakov"]
[Date "2015.04.01"]
[Round "5.3"]
[White "Pejic, Igor"]
[Black "Simic, Pavo"]
[Result "1-0"]
[WhiteElo "2132"]
[BlackElo "1407"]
[PlyCount "63"]
[EventDate "2015.03.30"]
[EventType "team-tourn"]
[EventRounds "11"]
[EventCountry "CRO"]
[SourceTitle "CBM 165 Extra"]
[Source "ChessBase"]
[SourceDate "2015.04.21"]
[SourceVersion "1"]
[SourceVersionDate "2015.04.21"]
[SourceQuality "1"]

1. d4 d5 2. c4 e6 3. Nc3 c6 4. cxd5 cxd5 5. Nf3 Bb4 6. Bf4 Nc6 7. e3 Bxc3+ 8. bxc3 Nf6 9. Bd3 h6 10. 0-0 0-0 11. h3 Re8 12. Rb1 a6 13. a4 Qe7 14. Qc2 Na5 15. Ne5 Nc6 16. Nxc6 bxc6 17. Rb6 Qd7 18. a5 Re7 19. Rfb1 Ne8 20. Qa4 c5 21. Qxd7 Rxd7 22. dxc5 Re7 23. Rb8 Rea7 24. c6 f6 25. Bg6 Kf8 26. e4 e5 27. Be3 d4 28. cxd4 exd4 29. Bxd4 Rxb8 30. Rxb8 Rc7 31. Bc5+ Kg8 32. Bxe8 1-0

[Event "CRO-chT U20 24th"]
[Site "Sv Filip i Jakov"]
[Date "2015.03.31"]
[Round "3.2"]
[White "Pejic, Igor"]
[Black "Haidinger, Erik"]
[Result "1-0"]
[WhiteElo "2132"]
[BlackElo "1470"]
[PlyCount "51"]
[EventDate "2015.03.30"]
[EventType "team-tourn"]
[EventRounds "11"]
[EventCountry "CRO"]
[SourceTitle "CBM 165 Extra"]
[Source "ChessBase"]
[SourceDate "2015.04.21"]
[SourceVersion "1"]
[SourceVersionDate "2015.04.21"]
[SourceQuality "1"]

1. e4 c5 2. Nf3 g6 3. c3 d5 4. exd5 Qxd5 5. d4 cxd4 6. cxd4 Bg7 7. Nc3 Qd8 8. Bc4 Nf6 9. 0-0 0-0 10. Ne5 e6 11. Bg5 a6 12. Ng4 h5 13. Ne5 b5 14. Qf3 Ra7 15. Ne4 bxc4 16. Nxf6+ Bxf6 17. Bxf6 Qd5 18. Qf4 Kh7 19. Nxc4 Qxc4 20. Qxb8 Rb7 21. Qd6 Qb4 22. Qxb4 Rxb4 23. Be7 Rxd4 24. Bxf8 Bb7 25. Rfd1 Rg4 26. g3 1-0

[Event "CRO-chT U20 24th"]
[Site "Sv Filip i Jakov"]
[Date "2015.03.30"]
[Round "2.6"]
[White "Toplak, Juraj"]
[Black "Pejic, Igor"]
[Result "1/2-1/2"]
[WhiteElo "1751"]
[BlackElo "2132"]
[PlyCount "89"]
[EventDate "2015.03.30"]
[EventType "team-tourn"]
[EventRounds "11"]
[EventCountry "CRO"]
[SourceTitle "CBM 165 Extra"]
[Source "ChessBase"]
[SourceDate "2015.04.21"]
[SourceVersion "1"]
[SourceVersionDate "2015.04.21"]
[SourceQuality "1"]

1. e4 c6 2. d4 d5 3. Nd2 dxe4 4. Nxe4 Bf5 5. Ng3 Bg6 6. Nf3 Nd7 7. h4 h6 8. h5 Bh7 9. Bd3 Bxd3 10. Qxd3 e6 11. Bd2 Ngf6 12. 0-0-0 Be7 13. Ne4 Nxe4 14. Qxe4 Nf6 15. Qe2 Qd5 16. c4 Qe4 17. Qxe4 Nxe4 18. Be3 Nd6 19. b3 b5 20. Nd2 bxc4 21. Nxc4 f6 22. Nxd6+ Bxd6 23. Kd2 Ba3 24. Ke2 Kd7 25. Bc1 Bd6 26. Bb2 Rhb8 27. Bc3 Rb5 28. g4 a5 29. Rb1 Bb4 30. Bxb4 axb4 31. Rb2 Rba5 32. Ra1 Rg5 33. f3 Kd6 34. Rc1 Rga5 35. Rcc2 f5 36. Kd3 fxg4 37. fxg4 Rg5 38. Rg2 Rf8 39. Ke3 g6 40. hxg6 Rxg6 41. Rbc2 Rfg8 42. Kf4 h5 43. g5 Rf8+ 44. Ke4 Rf5 45. Rc5 1/2-1/2

[Event "CRO-ch U19"]
[Site "Sveti Martin "]
[Date "2014.07.31"]
[Round "8"]
[White "Pejic, Igor"]
[Black "Glavan, Marko"]
[Result "1/2-1/2"]
[WhiteElo "2107"]
[BlackElo "2040"]
[PlyCount "44"]
[EventDate "2014.07.26"]
[EventType "swiss"]
[EventRounds "9"]
[EventCountry "CRO"]
[SourceTitle "EXT 2015"]
[Source "ChessBase"]
[SourceDate "2014.11.20"]
[SourceVersion "1"]
[SourceVersionDate "2014.11.20"]
[SourceQuality "1"]

1. d4 d5 2. c4 e6 3. Nc3 Nf6 4. Bg5 Be7 5. cxd5 exd5 6. Qc2 0-0 7. e3 c6 8. Bd3 Nbd7 9. Nge2 Re8 10. 0-0 Nf8 11. f3 Ng6 12. e4 dxe4 13. fxe4 Ng4 14. Bxe7 Qxe7 15. Qd2 Qh4 16. h3 Nf6 17. e5 Nd5 18. Nxd5 cxd5 19. Bxg6 hxg6 20. Nc3 a6 21. Na4 Bf5 22. Rac1 Rac8 1/2-1/2

[Event "CRO-ch U19"]
[Site "Sveti Martin "]
[Date "2014.07.29"]
[Round "6"]
[White "Blazeka, Matej"]
[Black "Pejic, Igor"]
[Result "1-0"]
[WhiteElo "2327"]
[BlackElo "2107"]
[PlyCount "79"]
[EventDate "2014.07.26"]
[EventType "swiss"]
[EventRounds "9"]
[EventCountry "CRO"]
[SourceTitle "EXT 2015"]
[Source "ChessBase"]
[SourceDate "2014.11.20"]
[SourceVersion "1"]
[SourceVersionDate "2014.11.20"]
[SourceQuality "1"]

1. a3 d5 2. Nf3 Nf6 3. b4 Bf5 4. Bb2 e6 5. e3 Bd6 6. c4 c6 7. Be2 0-0 8. Nh4 Nbd7 9. Nxf5 exf5 10. f4 dxc4 11. Bxc4 a5 12. b5 Qb6 13. Nc3 cxb5 14. Nxb5 Bxf4 15. exf4 Rae8+ 16. Kf1 Re4 17. d4 Rxf4+ 18. Kg1 Ne5 19. Be2 Rd8 20. Qd2 Re4 21. a4 Nfg4 22. Ra3 Nc6 23. Bxg4 Rxg4 24. h3 Re4 25. Kh2 Rde8 26. Rg3 f4 27. Rf3 Qd8 28. Rhf1 Ne5 29. Rxf4 Nc4 30. Qc3 Rxf4 31. Rxf4 Qb8 32. Bc1 Nb6 33. Qg3 Nxa4 34. d5 Nc5 35. Bb2 g6 36. d6 Re2 37. Rf2 Rxf2 38. Qxf2 Nd3 39. Qc2 Nxb2 40. Qc7 1-0

[Event "CRO-ch U19"]
[Site "Sveti Martin "]
[Date "2014.07.29"]
[Round "5"]
[White "Pejic, Igor"]
[Black "Petrusic, Toni"]
[Result "0-1"]
[WhiteElo "2107"]
[BlackElo "2280"]
[PlyCount "144"]
[EventDate "2014.07.26"]
[EventType "swiss"]
[EventRounds "9"]
[EventCountry "CRO"]
[SourceTitle "EXT 2015"]
[Source "ChessBase"]
[SourceDate "2014.11.20"]
[SourceVersion "1"]
[SourceVersionDate "2014.11.20"]
[SourceQuality "1"]

1. e4 e6 2. d4 d5 3. exd5 exd5 4. c4 Nf6 5. Nc3 Bb4 6. Bd3 0-0 7. Nge2 Bg4 8. 0-0 dxc4 9. Bxc4 Nbd7 10. f3 Bf5 11. Qb3 a5 12. Ng3 Bg6 13. a3 Nb6 14. Be3 Bxc3 15. bxc3 a4 16. Qa2 Nxc4 17. Qxc4 Nd5 18. Rfe1 Re8 19. Bd2 Qd7 20. Ne4 b6 21. Qd3 f5 22. Ng3 Nf6 23. c4 c6 24. Bf4 Rxe1+ 25. Rxe1 b5 26. Rc1 Rd8 27. cxb5 cxb5 28. Be5 Nd5 29. Rc5 Rc8 30. Rxc8+ Qxc8 31. Qxb5 Ne3 32. Kf2 Nd1+ 33. Ke1 Ne3 34. Kf2 Nd1+ 35. Ke1 Ne3 36. Qxa4 f4 37. Qb3+ Bf7 38. Qb8 Qxb8 39. Bxb8 fxg3 40. hxg3 Nc2+ 41. Kd2 Nxa3 42. g4 Nb5 43. Ke3 Bd5 44. g3 Kf7 45. f4 Na3 46. f5 Nc2+ 47. Kd3 Nb4+ 48. Ke3 Nc6 49. Bd6 Ba2 50. Bc5 Ne7 51. Ke4 Nd5 52. g5 Nc3+ 53. Ke5 Nd5 54. Ke4 Bb3 55. Ke5 Ne3 56. Kf4 Nc2 57. Ke5 Ne1 58. g6+ hxg6 59. fxg6+ Kxg6 60. Be7 Nf3+ 61. Ke4 Ng5+ 62. Ke5 Nf7+ 63. Ke4 Nh6 64. d5 Nf5 65. Bf8 Nxg3+ 66. Ke5 Nh5 67. d6 Nf6 68. Be7 Nd7+ 69. Kf4 Kf7 70. Kf5 Bc2+ 71. Kg5 Ke6 72. Kh5 Nf6+ 0-1

[Event "CRO-ch U19"]
[Site "Sveti Martin "]
[Date "2014.07.26"]
[Round "1"]
[White "Pejic, Igor"]
[Black "Srbis, Jurica"]
[Result "0-1"]
[WhiteElo "2107"]
[BlackElo "2402"]
[PlyCount "64"]
[EventDate "2014.07.26"]
[EventType "swiss"]
[EventRounds "9"]
[EventCountry "CRO"]
[SourceTitle "EXT 2015"]
[Source "ChessBase"]
[SourceDate "2014.11.20"]
[SourceVersion "1"]
[SourceVersionDate "2014.11.20"]
[SourceQuality "1"]

1. d4 Nf6 2. Nf3 c5 3. e3 d5 4. c4 cxd4 5. exd4 Nc6 6. Nc3 Bg4 7. cxd5 Nxd5 8. Qb3 Bxf3 9. gxf3 e6 10. Qxb7 Nxd4 11. Bb5+ Nxb5 12. Qc6+ Ke7 13. Qxb5 Qd7 14. Nxd5+ exd5 15. Qc5+ Ke8 16. Qd4 Rc8 17. 0-0 Rc6 18. Bf4 Bc5 19. Qe5+ Kf8 20. Rac1 f6 21. Qb8+ Rc8 22. Qb3 Kf7 23. Qd3 g6 24. Rc2 Bb6 25. Rfc1 Rxc2 26. Rxc2 Re8 27. Kg2 Kg7 28. b4 g5 29. Bc1 Qd6 30. Qb5 Re7 31. Qc6 Qe5 32. Bb2 d4 0-1

[Event "CRO-chT U20 23rd"]
[Site "Sv Filip i Jakov"]
[Date "2014.04.19"]
[Round "11.2"]
[White "Muha, Miljenko"]
[Black "Pejic, Igor"]
[Result "1/2-1/2"]
[WhiteElo "1925"]
[BlackElo "2057"]
[PlyCount "103"]
[EventDate "2014.04.14"]
[EventType "team-tourn"]
[EventRounds "11"]
[EventCountry "CRO"]
[SourceTitle "EXT 2016"]
[Source "ChessBase"]
[SourceDate "2015.10.08"]
[SourceVersion "1"]
[SourceVersionDate "2015.10.08"]
[SourceQuality "1"]

1. d4 d5 2. c4 c6 3. Nf3 Nf6 4. Nc3 e6 5. e3 Nbd7 6. Qc2 Bd6 7. g4 dxc4 8. Bxc4 e5 9. Bd2 0-0 10. g5 Nd5 11. Nxd5 cxd5 12. Bxd5 exd4 13. Nxd4 Qxg5 14. Bf3 Ne5 15. Be4 Qh5 16. Bc3 Bg4 17. Rg1 g6 18. Bxb7 Rab8 19. Be4 Rfc8 20. a3 Bf3 21. Bxf3 Nxf3+ 22. Nxf3 Qxf3 23. Qe2 Qxe2+ 24. Kxe2 Bxh2 25. Rgd1 Bc7 26. Rd7 Bb6 27. Rad1 Rd8 28. Bf6 Rxd7 29. Rxd7 Re8 30. Kd3 Re6 31. Bd4 h5 32. Bxb6 axb6 33. Rd4 Kf8 34. a4 Ke7 35. b4 Rd6 36. a5 bxa5 37. bxa5 g5 38. Rxd6 Kxd6 39. Ke4 h4 40. Kf3 f5 41. Kg2 Kc5 42. Kh3 Kb5 43. f4 g4+ 44. Kxh4 Kxa5 45. e4 fxe4 46. f5 e3 47. Kg3 Kb4 48. f6 Kc3 49. f7 e2 50. f8Q e1Q+ 51. Kxg4 Qg1+ 52. Kh4 1/2-1/2

[Event "CRO-chT U20 23rd"]
[Site "Sv Filip i Jakov"]
[Date "2014.04.16"]
[Round "5.5"]
[White "Spiranec, Noemi"]
[Black "Pejic, Igor"]
[Result "0-1"]
[WhiteElo "1706"]
[BlackElo "2057"]
[PlyCount "108"]
[EventDate "2014.04.14"]
[EventType "team-tourn"]
[EventRounds "11"]
[EventCountry "CRO"]
[SourceTitle "EXT 2016"]
[Source "ChessBase"]
[SourceDate "2015.10.08"]
[SourceVersion "1"]
[SourceVersionDate "2015.10.08"]
[SourceQuality "1"]

1. d4 d5 2. Nf3 Nf6 3. e3 e6 4. Bd3 c5 5. c3 Nbd7 6. 0-0 Be7 7. Nbd2 0-0 8. Re1 b6 9. e4 dxe4 10. Nxe4 Bb7 11. Qe2 cxd4 12. Nxd4 Nc5 13. Nxc5 Bxc5 14. Be3 Qd5 15. Nf3 Rfd8 16. Bc4 Qh5 17. Bxc5 Qxc5 18. Bb3 Qh5 19. Ne5 Qg5 20. Nf3 Qg4 21. h3 Bxf3 22. hxg4 Bxe2 23. Rxe2 Nxg4 24. f3 Nf6 25. Kf2 Rd6 26. Rd1 Rad8 27. Rxd6 Rxd6 28. Bc2 Kf8 29. c4 Rc6 30. b3 Ke7 31. Be4 Rd6 32. Bc2 h5 33. b4 a5 34. bxa5 bxa5 35. Bb3 Nd7 36. Kg3 Kf6 37. Kh4 Rd4+ 38. Kg3 g5 39. Rc2 Nc5 40. Rc1 Rd3 41. Bd1 Rd2 42. Bc2 Ke5 43. Bb1 f5 44. Rh1 h4+ 45. Kh3 Kf4 46. Rf1 Rd4 47. Rc1 e5 48. Kh2 g4 49. fxg4 Kxg4 50. Rc3 e4 51. Bc2 Rd2 52. Kg1 f4 53. Kf1 e3 54. a3 Re2 0-1

[Event "CRO-chT U20 23rd"]
[Site "Sv Filip i Jakov"]
[Date "2014.04.14"]
[Round "2.1"]
[White "Pejic, Igor"]
[Black "Bencic, Vedran"]
[Result "1-0"]
[WhiteElo "2057"]
[BlackElo "1507"]
[PlyCount "79"]
[EventDate "2014.04.14"]
[EventType "team-tourn"]
[EventRounds "11"]
[EventCountry "CRO"]
[SourceTitle "EXT 2016"]
[Source "ChessBase"]
[SourceDate "2015.10.08"]
[SourceVersion "1"]
[SourceVersionDate "2015.10.08"]
[SourceQuality "1"]

1. d4 Nf6 2. Nf3 g6 3. Bf4 Bg7 4. e3 d6 5. Be2 0-0 6. h3 Nbd7 7. c4 Re8 8. Nc3 e6 9. 0-0 Qe7 10. Qc2 e5 11. dxe5 Nxe5 12. Rfd1 Bd7 13. Rac1 Bc6 14. Nd5 Nxf3+ 15. Bxf3 Qd7 16. Bg5 Bxd5 17. cxd5 Rac8 18. Bxf6 Bxf6 19. Bg4 Qe7 20. Bxc8 Rxc8 21. b4 Qd7 22. a4 a6 23. Qb3 b6 24. Rc6 Bd8 25. Qc4 Ra8 26. Qg4 Qe8 27. Qd4 Qd7 28. e4 Be7 29. Rdc1 Bd8 30. e5 dxe5 31. Qxe5 a5 32. b5 Rb8 33. Re1 f6 34. Qe4 Kf8 35. Re6 Kf7 36. g3 Kf8 37. Re8+ Kg7 38. Qe6 Qf7 39. Qxf7+ Kxf7 40. Rh8 1-0

[Event "CRO-chT U20 23rd"]
[Site "Sv Filip i Jakov"]
[Date "2014.04.14"]
[Round "1.6"]
[White "Pejic, Igor"]
[Black "Kolanovic, David"]
[Result "1-0"]
[WhiteElo "2057"]
[BlackElo "1618"]
[PlyCount "51"]
[EventDate "2014.04.14"]
[EventType "team-tourn"]
[EventRounds "11"]
[EventCountry "CRO"]
[SourceTitle "EXT 2016"]
[Source "ChessBase"]
[SourceDate "2015.10.08"]
[SourceVersion "1"]
[SourceVersionDate "2015.10.08"]
[SourceQuality "1"]

1. d4 d5 2. Nf3 Nf6 3. Bf4 Bf5 4. e3 e6 5. c4 c6 6. Qb3 Qb6 7. c5 Qxb3 8. axb3 Nbd7 9. Nc3 Be7 10. h3 0-0 11. b4 b5 12. Be2 Rfc8 13. 0-0 Bd8 14. Ra6 Be4 15. Rfa1 Bxf3 16. Bxf3 Nf8 17. Rxa7 Rxa7 18. Rxa7 Ng6 19. Bg3 Ne8 20. e4 Bc7 21. exd5 Bxg3 22. dxe6 Bb8 23. exf7+ Kf8 24. fxe8Q+ Rxe8 25. Ra1 Nf4 26. Bxc6 1-0

[Event "CRO-ch U19"]
[Site "Vukovar"]
[Date "2013.07.28"]
[Round "9"]
[White "Pejic, Igor"]
[Black "Petrusic, Toni"]
[Result "1/2-1/2"]
[WhiteElo "2060"]
[BlackElo "2289"]
[PlyCount "94"]
[EventDate "2013.07.22"]
[EventType "swiss"]
[EventRounds "9"]
[EventCountry "CRO"]
[SourceTitle "EXT 2014"]
[Source "ChessBase"]
[SourceDate "2013.11.20"]
[SourceVersion "1"]
[SourceVersionDate "2013.11.20"]
[SourceQuality "1"]

1. e4 e6 2. d4 d5 3. exd5 exd5 4. c4 Nf6 5. Nc3 Be7 6. Nf3 0-0 7. Bd3 dxc4 8. Bxc4 Nbd7 9. 0-0 Nb6 10. Bb3 Bg4 11. Re1 c6 12. h3 Bxf3 13. Qxf3 Re8 14. Be3 Qd7 15. Rad1 Nbd5 16. Bg5 Nxc3 17. bxc3 Rad8 18. Re5 Nd5 19. Bxe7 Rxe7 20. Rde1 Rxe5 21. Rxe5 Nf6 22. Qe3 Re8 23. Rxe8+ Qxe8 24. Qxe8+ Nxe8 25. Kf1 Kf8 26. Ke2 Ke7 27. Kd3 f5 28. c4 Nc7 29. c5 Kf6 30. a4 Ne6 31. Bxe6 Kxe6 32. a5 Kf6 33. h4 g6 34. f3 h6 35. g4 fxg4 36. fxg4 h5 37. g5+ Ke6 38. Ke4 a6 39. Ke3 Kf7 40. Kf4 Ke8 41. Ke4 Kd8 42. Kf4 Ke8 43. Ke4 Kd8 44. d5 cxd5+ 45. Kxd5 Kd7 46. Kd4 Kd8 47. Kc4 Kc8 1/2-1/2

[Event "CRO-chT U20 22nd"]
[Site "Durdevac"]
[Date "2013.03.29"]
[Round "8"]
[White "Pejic, Igor"]
[Black "Jancikic, Matija"]
[Result "1-0"]
[WhiteElo "2041"]
[BlackElo "1599"]
[PlyCount "49"]
[EventDate "2013.03.25"]
[EventType "team-tourn"]
[EventRounds "9"]
[EventCountry "CRO"]
[SourceTitle "CBM 153 Extra"]
[Source "ChessBase"]
[SourceDate "2013.04.22"]
[SourceVersion "1"]
[SourceVersionDate "2013.04.22"]
[SourceQuality "1"]

1. d4 d5 2. Nf3 Nf6 3. e3 e6 4. Bd3 c5 5. c3 Nc6 6. 0-0 c4 7. Bc2 Bd6 8. Nbd2 0-0 9. e4 Be7 10. Re1 b5 11. Qe2 Bb7 12. exd5 Qxd5 13. Ne4 a6 14. Nxf6+ Bxf6 15. Be4 Qd7 16. Bg5 Bxg5 17. Bxh7+ Kxh7 18. Nxg5+ Kg8 19. Qh5 Rfe8 20. Qh7+ Kf8 21. Qh8+ Ke7 22. Qxg7 Nd8 23. Re5 Qc6 24. d5 Qd6 25. dxe6 1-0

[Event "CRO-chT U20 22nd"]
[Site "Durdevac"]
[Date "2013.03.28"]
[Round "6"]
[White "Pejic, Igor"]
[Black "Sokac, Marko"]
[Result "1-0"]
[WhiteElo "2041"]
[BlackElo "2068"]
[PlyCount "107"]
[EventDate "2013.03.25"]
[EventType "team-tourn"]
[EventRounds "9"]
[EventCountry "CRO"]
[SourceTitle "CBM 153 Extra"]
[Source "ChessBase"]
[SourceDate "2013.04.22"]
[SourceVersion "1"]
[SourceVersionDate "2013.04.22"]
[SourceQuality "1"]

1. d4 Nf6 2. Nf3 e6 3. e3 c5 4. Bd3 cxd4 5. exd4 b6 6. Bg5 Bb7 7. Nbd2 Be7 8. 0-0 h6 9. Bxf6 Bxf6 10. Be4 d5 11. Bd3 0-0 12. Re1 Nc6 13. c3 Qc7 14. Qe2 Rfe8 15. Ne5 Bxe5 16. dxe5 Red8 17. Nf3 d4 18. Rac1 Qe7 19. Qe4 g6 20. Qf4 dxc3 21. Rxc3 Nb4 22. Bb1 Kg7 23. Qc1 Rac8 24. a3 Nd5 25. Rxc8 Rxc8 26. Qd2 Qc5 27. h4 Ne7 28. Nd4 Nc6 29. Nxc6 Qxc6 30. Be4 Qc7 31. Bxb7 Qxb7 32. Qf4 Qe7 33. Re3 Rc5 34. b4 Rd5 35. Rc3 Qd8 36. Rc4 g5 37. Qg3 Rd4 38. Rxd4 Qxd4 39. hxg5 Qd1+ 40. Kh2 Qh5+ 41. Qh3 Qxh3+ 42. Kxh3 hxg5 43. Kg4 Kg6 44. b5 f6 45. exf6 Kxf6 46. f4 gxf4 47. Kxf4 e5+ 48. Ke4 Ke6 49. g4 Kd6 50. g5 Ke6 51. a4 Kd6 52. g6 Ke6 53. g7 Kf7 54. Kxe5 1-0

[Event "CRO-chT U20 22nd"]
[Site "Durdevac"]
[Date "2013.03.27"]
[Round "5"]
[White "Saric, Luka"]
[Black "Pejic, Igor"]
[Result "1/2-1/2"]
[WhiteElo "1866"]
[BlackElo "2041"]
[PlyCount "139"]
[EventDate "2013.03.25"]
[EventType "team-tourn"]
[EventRounds "9"]
[EventCountry "CRO"]
[SourceTitle "CBM 153 Extra"]
[Source "ChessBase"]
[SourceDate "2013.04.22"]
[SourceVersion "1"]
[SourceVersionDate "2013.04.22"]
[SourceQuality "1"]

1. d4 d5 2. c4 c6 3. cxd5 cxd5 4. Nc3 Nf6 5. Bf4 Nc6 6. e3 e6 7. Rc1 Be7 8. h3 0-0 9. Bd3 Bd7 10. Nf3 a6 11. 0-0 b5 12. a4 b4 13. Nb1 Qb6 14. Nbd2 Rfc8 15. b3 Na5 16. Ne5 Rc3 17. Rb1 Bc8 18. Rb2 Bb7 19. Nb1 Rcc8 20. Re1 Ne4 21. Bxe4 dxe4 22. Ng4 Bd5 23. Ree2 Bd6 24. Bxd6 Qxd6 25. Rec2 Bxb3 26. Rxc8+ Rxc8 27. Qd2 Qc6 28. Kh2 Nc4 29. Ne5 Nxd2 30. Nxc6 Rxc6 31. Nxd2 Bxa4 32. Rxb4 Bb5 33. Nxe4 Rc4 34. Rb2 Rc6 35. Nc5 Kf8 36. f4 Ke7 37. Kg3 Kd6 38. Kf3 Kd5 39. Rb4 f5 40. h4 Rc8 41. g3 Rc7 42. Kf2 Ra7 43. Ke1 Bc6 44. Kd2 a5 45. Rb3 a4 46. Ra3 Ra8 47. Kc3 h6 48. Kc2 Kd6 49. Kc3 Ra7 50. Kb4 Kd5 51. Kc3 Ra8 52. Kc2 g6 53. Kc3 Kd6 54. Kc2 Rc8 55. Kd2 Rc7 56. Kd3 Bb5+ 57. Kc3 Kd5 58. Kb4 Bc6 59. Kc3 Rc8 60. Kd2 Rb8 61. Nxa4 Bxa4 62. Rxa4 Rb2+ 63. Kd3 Rb3+ 64. Kd2 Rb2+ 65. Kd3 Rg2 66. Ra5+ Kd6 67. Ra6+ Kd5 68. Ra5+ Kd6 69. Ra6+ Kd5 70. Ra5+ 1/2-1/2

[Event "CRO-chT U20 22nd"]
[Site "Durdevac"]
[Date "2013.03.25"]
[Round "2"]
[White "Pejic, Igor"]
[Black "Ivekovic, Tihana"]
[Result "1-0"]
[WhiteElo "2041"]
[BlackElo "1977"]
[PlyCount "131"]
[EventDate "2013.03.25"]
[EventType "team-tourn"]
[EventRounds "9"]
[EventCountry "CRO"]
[SourceTitle "CBM 153 Extra"]
[Source "ChessBase"]
[SourceDate "2013.04.22"]
[SourceVersion "1"]
[SourceVersionDate "2013.04.22"]
[SourceQuality "1"]

1. d4 d5 2. Bf4 Nf6 3. e3 c5 4. c3 Nc6 5. Nd2 Bf5 6. Ngf3 e6 7. Bb5 Qb6 8. Qa4 a6 9. Bxc6+ Qxc6 10. Qxc6+ bxc6 11. dxc5 Bxc5 12. Nb3 Bb6 13. Nfd4 Kd7 14. Nxf5 exf5 15. Be5 Ne8 16. Ke2 f6 17. Bd4 Bxd4 18. cxd4 Nc7 19. Nc5+ Kd6 20. Rhc1 Rhc8 21. b4 Ne6 22. Nb7+ Kd7 23. a3 Kc7 24. Na5 Kb6 25. Rc3 Rc7 26. Rac1 Rac8 27. Nb3 Ka7 28. g3 g6 29. h4 h6 30. Kf3 h5 31. a4 Kb6 32. Nc5 Nxc5 33. Rxc5 Kb7 34. Kf4 Kb6 35. f3 Kb7 36. b5 cxb5 37. axb5 Rxc5 38. bxa6+ Kxa6 39. dxc5 Rc6 40. e4 fxe4 41. fxe4 d4 42. e5 d3 43. Ke3 fxe5 44. Kxd3 Kb7 45. Ke4 Rf6 46. Rb1+ Kc7 47. Rb6 Rf1 48. Kxe5 Rf5+ 49. Ke4 Rxc5 50. Rxg6 Kd7 51. Rg5 Rc3 52. Kf5 Ke7 53. Kg6 Rc6+ 54. Kxh5 Kf7 55. Rb5 Kg7 56. Rb7+ Kg8 57. g4 Rc5+ 58. g5 Ra5 59. Kh6 Ra6+ 60. g6 Ra8 61. h5 Rc8 62. Rb5 Ra8 63. Kg5 Rc8 64. h6 Ra8 65. Rb6 Rc8 66. h7+ 1-0

[Event "Rijeka Liburnija op"]
[Site "Rijeka"]
[Date "2012.12.05"]
[Round "7"]
[White "Pejic, Igor"]
[Black "Monjac, Mislav"]
[Result "1-0"]
[WhiteElo "2008"]
[BlackElo "2103"]
[PlyCount "125"]
[EventDate "2012.11.30"]
[EventType "swiss"]
[EventRounds "9"]
[EventCountry "CRO"]
[SourceTitle "CBM 151 Extra"]
[Source "ChessBase"]
[SourceDate "2012.12.18"]
[SourceVersion "1"]
[SourceVersionDate "2012.12.18"]
[SourceQuality "1"]

1. e4 c5 2. Nf3 d6 3. d4 cxd4 4. Qxd4 a6 5. Be3 Nc6 6. Qb6 Qxb6 7. Bxb6 Nf6 8. Nc3 g6 9. Nd5 Nxd5 10. exd5 Nb4 11. 0-0-0 Bf5 12. c3 Bh6+ 13. Be3 Bxe3+ 14. fxe3 Nxa2+ 15. Kd2 Rc8 16. Bd3 Bxd3 17. Kxd3 Rc5 18. e4 f5 19. Ra1 fxe4+ 20. Kxe4 Nxc3+ 21. bxc3 Rxc3 22. Rhc1 Rxc1 23. Rxc1 Kf7 24. Ng5+ Kf6 25. h4 Kg7 26. Rc7 Kf6 27. Rxb7 h6 28. Ne6 Rc8 29. Rb2 Rc4+ 30. Nd4 g5 31. hxg5+ hxg5 32. Ra2 Rc1 33. Rxa6 Re1+ 34. Kd3 Rd1+ 35. Ke3 Ke5 36. Nc6+ Kxd5 37. Nxe7+ Ke6 38. Nc6 Kf5 39. Nd4+ Ke5 40. Nf3+ Kf6 41. Ra5 g4 42. Nh2 g3 43. Nf3 Rb1 44. Kf4 Rb8 45. Kxg3 Rg8+ 46. Kf2 Ke6 47. Nd4+ Ke7 48. Kf3 Rf8+ 49. Rf5 Rg8 50. g4 Ra8 51. g5 Ra1 52. Ke4 Re1+ 53. Kd5 Rd1 54. g6 Rg1 55. Rf7+ Ke8 56. Rf6 Ke7 57. Re6+ Kf8 58. Rxd6 Rg5+ 59. Ke4 Rg1 60. Nf5 Ke8 61. Ke5 Re1+ 62. Kf6 Rf1 63. Ra6 1-0